Rezervy v jednoduchom účtovníctve fyzickej osoby
Význam pojmu rezerva. Rezervy všeobecne. Rezervy podnikateľa. Všeobecné záväzné právne predpisy o rezervách. Účtovanie o rezervách drobného podnikateľa. Účtovanie tvorby a zvýšenia rezervy. Účtovanie čerpania, zníženia a zrušenia rezervy. Najčastejšie chyby pri narábaní s rezervami.
Na minha lista:
| Autor principal: | |
|---|---|
| Formato: | Capítulo de Livro |
| Idioma: | eslovaco |
| Assuntos: | |
| Tags: |
Sem tags, seja o primeiro a adicionar uma tag!
|
MARC
| LEADER | 00000naa a2200000 4500 | ||
|---|---|---|---|
| 001 | r021679 | ||
| 005 | 20230912111523.4 | ||
| 041 | 0 | |a slo | |
| 044 | |a SK | ||
| 245 | 1 | 0 | |a Rezervy v jednoduchom účtovníctve fyzickej osoby |c Tatjana Pecháčová |
| 520 | |a Význam pojmu rezerva. Rezervy všeobecne. Rezervy podnikateľa. Všeobecné záväzné právne predpisy o rezervách. Účtovanie o rezervách drobného podnikateľa. Účtovanie tvorby a zvýšenia rezervy. Účtovanie čerpania, zníženia a zrušenia rezervy. Najčastejšie chyby pri narábaní s rezervami. | ||
| 610 | 2 | 0 | |a rezervy |
| 610 | 2 | 0 | |a pojmy |
| 610 | 2 | 0 | |a predpisy právne |
| 610 | 2 | 0 | |a účtovanie |
| 610 | 2 | 0 | |a podnikatelia |
| 610 | 2 | 0 | |a účtovníctvo |
| 100 | 1 | |a Pecháčová, Tatjana | |